000 00360 a2200121 4500
000 nam a22 7a 4500
005 20260207171448.0
020 _a9789395055574
100 _aDr Satnam Kaur, Dr Parwinderjit Kaur, Mr Parmjit Singh
_91114415
245 _aNavigating New Horizons in Teacher Education
260 _bChanakya Pub.& Dist.
_c2024
942 _cTEXL
999 _c1678959
_d1678959